[Event "Rochefort op-B 19th"]
[Site "Rochefort"]
[Date "2020.02.22"]
[Round "5"]
[White "Barbotte, Jeanne"]
[Black "Neau, Julien"]
[Result "1-0"]
[WhiteElo "1670"]
[BlackElo "1940"]
[PlyCount "105"]
[EventDate "2020.02.22"]
[EventType "swiss"]
[EventRounds "9"]
[EventCountry "FRA"]
[SourceTitle "CBM 195 Extra"]
[Source "ChessBase"]
[SourceDate "2020.05.31"]
[SourceVersion "1"]
[SourceVersionDate "2020.05.31"]
[SourceQuality "1"]

1. e4 d6 2. d4 Nf6 3. Nc3 g6 4. f4 Bg7 5. Nf3 0-0 6. Bd3 Na6 7. 0-0 c5 8. d5 Bg4 9. Qe1 Nb4 10. Qh4 c4 11. Bxc4 Nxc2 12. Rb1 Rc8 13. Bb3 Bxf3 14. Bxc2 Be2 15. Re1 Bc4 16. Re3 Bxa2 17. Ra1 Bc4 18. Rh3 h5 19. Bd1 Qb6+ 20. Kh1 Ng4 21. Bxg4 Bf6 22. Qg3 hxg4 23. Qxg4 Qf2 24. Qd1 Bf1 25. Qf3 Qe1 26. Qe3 Bxc3 27. bxc3 Be2+ 28. Qg1 Qxg1+ 29. Kxg1 a6 30. f5 Rc7 31. Bb2 Bc4 32. Rg3 Kg7 33. Re1 Kf6 34. Bc1 Kg7 35. Bf4 Rc5 36. Bg5 Rc7 37. Bf4 Rd8 38. Be3 e5 39. f6+ Kg8 40. Bb6 Rdc8 41. Bxc7 Rxc7 42. h4 Bb5 43. h5 Rc4 44. Ree3 Be8 45. Rh3 Bd7 46. Rh2 g5 47. h6 Kh7 48. Rh5 g4 49. Rg5 Kxh6 50. Rg7 g3 51. Rxf7 Be8 52. Rg7 Bg6 53. Rxg3 1-0

[Event "Rochefort op-B 19th"]
[Site "Rochefort"]
[Date "2020.02.22"]
[Round "7"]
[White "Moulin, Vincent"]
[Black "Barbotte, Jeanne"]
[Result "0-1"]
[WhiteElo "1824"]
[BlackElo "1670"]
[PlyCount "80"]
[EventDate "2020.02.22"]
[EventType "swiss"]
[EventRounds "9"]
[EventCountry "FRA"]
[SourceTitle "CBM 195 Extra"]
[Source "ChessBase"]
[SourceDate "2020.05.31"]
[SourceVersion "1"]
[SourceVersionDate "2020.05.31"]
[SourceQuality "1"]

1. e4 c5 2. c4 g6 3. Nc3 Bg7 4. g3 Nc6 5. Bg2 e6 6. d3 Nge7 7. Nge2 d6 8. 0-0 0-0 9. Be3 Rb8 10. d4 b6 11. Rb1 Bb7 12. a3 Rc8 13. Qd3 cxd4 14. Nxd4 Ne5 15. Qd1 Nxc4 16. Bg5 h6 17. Bxe7 Qxe7 18. Nce2 Rfd8 19. Re1 d5 20. Qa4 a6 21. exd5 b5 22. Nxb5 axb5 23. Qxb5 Bxd5 24. Bxd5 Rxd5 25. Qa6 Rdc5 26. b4 R5c6 27. Qa4 Nd2 28. Rec1 Rxc1+ 29. Rxc1 Rxc1+ 30. Nxc1 Qb7 31. Nb3 Nf3+ 32. Kg2 Nh4+ 33. Kf1 Qh1+ 34. Ke2 Qf3+ 35. Kd2 Qxf2+ 36. Kd3 Qf5+ 37. Kd2 Nf3+ 38. Ke3 Ne5 39. Qa8+ Kh7 40. Qe4 Ng4+ 0-1

[Event "Rochefort op-B 19th"]
[Site "Rochefort"]
[Date "2020.02.22"]
[Round "4"]
[White "Pascal, Jonathan"]
[Black "Barbotte, Jeanne"]
[Result "0-1"]
[WhiteElo "1802"]
[BlackElo "1670"]
[PlyCount "100"]
[EventDate "2020.02.22"]
[EventType "swiss"]
[EventRounds "9"]
[EventCountry "FRA"]
[SourceTitle "CBM 195 Extra"]
[Source "ChessBase"]
[SourceDate "2020.05.31"]
[SourceVersion "1"]
[SourceVersionDate "2020.05.31"]
[SourceQuality "1"]

1. e4 c5 2. Nf3 g6 3. d4 cxd4 4. Nxd4 Bg7 5. c4 Nc6 6. Be3 Nf6 7. Nc3 0-0 8. Be2 d6 9. 0-0 Bd7 10. Rc1 Nxd4 11. Bxd4 Bc6 12. Qd3 a5 13. b3 Nd7 14. f4 Bxd4+ 15. Qxd4 Nc5 16. Nd5 Bxd5 17. exd5 Qb6 18. Kh1 a4 19. Rc3 axb3 20. axb3 Ra3 21. Bd1 Qb4 22. Rh3 Ra2 23. Qe3 Rfa8 24. f5 Qd2 25. Qxd2 Rxd2 26. fxg6 hxg6 27. Re3 Ra1 28. Be2 Rxe2 29. Rxa1 Rxe3 30. b4 Nb3 31. Ra8+ Kg7 32. Kg1 Re1+ 33. Kf2 Rc1 34. Rc8 b5 35. c5 dxc5 36. bxc5 Rxc5 37. Rd8 Nd4 38. Ke3 Nf5+ 39. Kd3 b4 40. Rd7 Kf6 41. g4 Nd6 42. g5+ Kxg5 43. Rxe7 Rxd5+ 44. Kc2 Kf6 45. Re2 Nb5 46. Rf2+ Rf5 47. Rd2 Rf4 48. Kb3 Nd4+ 49. Kb2 Ke5 50. Rg2 Re4 0-1

[Event "FRA-chT U20 16 GP Basse 1011"]
[Site "France"]
[Date "2011.06.12"]
[Round "10"]
[White "Barbotte, Jeanne"]
[Black "Hebert, Floriane"]
[Result "0-1"]
[WhiteElo "1009"]
[BlackElo "1400"]
[PlyCount "88"]
[EventDate "2010.06.20"]
[EventType "team-tourn"]
[EventRounds "11"]
[EventCountry "FRA"]
[SourceTitle "EXT 2015"]
[Source "ChessBase"]
[SourceDate "2014.11.20"]
[SourceVersion "1"]
[SourceVersionDate "2014.11.20"]
[SourceQuality "1"]
[WhiteTeam "Niort (U20)"]
[BlackTeam "Hyeres (U20)"]
[WhiteTeamCountry "FRA"]
[BlackTeamCountry "FRA"]

1. Nf3 d5 2. g3 Nf6 3. Bg2 Bg4 4. h3 Bxf3 5. Bxf3 e6 6. Bg2 Nc6 7. 0-0 Bc5 8. Kh2 Qd6 9. Nc3 h6 10. d3 e5 11. a3 a6 12. e4 dxe4 13. Nxe4 Nxe4 14. dxe4 Qxd1 15. Rxd1 Bxf2 16. Rd3 Rd8 17. Rf3 Bb6 18. Be3 Bxe3 19. Rxe3 0-0 20. Rae1 f6 21. R1e2 Nd4 22. Rf2 Rd6 23. c3 Nc6 24. Bf3 Rfd8 25. Be2 Rd2 26. b3 Na5 27. b4 Nc6 28. Kg2 Kh8 29. Kf1 Ra2 30. c4 Rdd2 31. Rd3 Rxd3 32. Bxd3 Rxa3 33. Rf3 Nxb4 34. Ke2 Nxd3 35. Rxd3 Rxd3 36. Kxd3 Kg8 37. g4 Kf7 38. Ke3 Ke6 39. Kf3 g6 40. Kg3 f5 41. gxf5+ gxf5 42. exf5+ Kxf5 43. h4 a5 44. Kh3 a4 0-1